<?xml version="1.0" encoding="UTF-8"?>
<record
    xmlns:xsi="http://www.w3.org/2001/XMLSchema-instance"
    xsi:schemaLocation="http://www.loc.gov/MARC21/slim http://www.loc.gov/standards/marcxml/schema/MARC21slim.xsd"
    xmlns="http://www.loc.gov/MARC21/slim">

  <leader>01821nas a2200277Ia 4500</leader>
  <controlfield tag="001">R900-R9188</controlfield>
  <controlfield tag="003">IT-CnALBA</controlfield>
  <controlfield tag="008">170116c99999999xx ||||||||||||   ||und||</controlfield>
  <datafield tag="040" ind1=" " ind2=" ">
    <subfield code="a">IT-CnALBA</subfield>
    <subfield code="c">IT-CnALBA</subfield>
  </datafield>
  <datafield tag="041" ind1=" " ind2=" ">
    <subfield code="a">ITALIANO</subfield>
  </datafield>
  <datafield tag="100" ind1=" " ind2=" ">
    <subfield code="a">GREGORIO ORESTE</subfield>
  </datafield>
  <datafield tag="210" ind1=" " ind2=" ">
    <subfield code="a">HISTORIA</subfield>
  </datafield>
  <datafield tag="222" ind1=" " ind2=" ">
    <subfield code="a">HISTORIA</subfield>
  </datafield>
  <datafield tag="245" ind1=" " ind2="0">
    <subfield code="a">HISTORIA. AGOSTO 1978. RIVISTA DI STORIA ILLUSTRATA. </subfield>
  </datafield>
  <datafield tag="250" ind1=" " ind2=" ">
    <subfield code="a">1a ed.</subfield>
  </datafield>
  <datafield tag="260" ind1=" " ind2=" ">
    <subfield code="a">MILANO</subfield>
    <subfield code="b">DEL DUCA CINO EDITORE </subfield>
    <subfield code="c">1978 [1&#xB0; Ed.:1978 - Ed.Ling.Originale: 1978]</subfield>
  </datafield>
  <datafield tag="300" ind1=" " ind2=" ">
    <subfield code="a">116 p. </subfield>
  </datafield>
  <datafield tag="310" ind1=" " ind2=" ">
    <subfield code="a">MENSILE</subfield>
  </datafield>
  <datafield tag="362" ind1=" " ind2=" ">
    <subfield code="a">Fascicolo: 246 / Anno: 22 (1978)</subfield>
  </datafield>
  <datafield tag="500" ind1=" " ind2=" ">
    <subfield code="a">LA CADUTA DELLE AQUILE. 1918. ANNO TRAGICO E SPLENDIDO, RIEVOCAZIONE TELEVISIVA. I SOVRANI DI AUSTRIA GERMANIA E RUSSIA, SIMBOLI DI DECLINO, FRANCESCO GIUSEPPE, GUGLIELMO II, NICOLA II. TRISTAN BARNARD, NOME DI UN CAVALLO, FRUSTA PER LA SOCIET&#xC0; DEL TEMPO. FERDINANDO RUSSO, POETA NAPOLETANO, SCALERA E. INVASIONE DI PRAGA DEI CARRI ARMATI DEL PATTO DI VARSAVIA, AROLDI E. RELIGIONE PRESSO I GRECI, IN PRINCIPIO ERA IL CAOS, D'ERRICO N. MUSEO DI ROMA. LA FABBRICA DELLE NOSTALGIE. DIZIONARIO NOMI PROPRI. </subfield>
  </datafield>
  <datafield tag="501" ind1=" " ind2=" ">
    <subfield code="a">Societ&#xE0; San Paolo EM - Piazza San Paolo, 14 - 12051 ALBA (CN)  (non commercial uses only) &#xAE; Copyright 2017</subfield>
  </datafield>
  <datafield tag="520" ind1=" " ind2=" ">
    <subfield code="a">LA CADUTA DELLE AQUILE. 1918. ANNO TRAGICO E SPLENDIDO, RIEVOCAZIONE TELEVISIVA. I SOVRANI DI AUSTRIA GERMANIA E RUSSIA, SIMBOLI DI DECLINO, FRANCESCO GIUSEPPE, GUGLIELMO II, NICOLA II. TRISTAN BARNARD, NOME DI UN CAVALLO, FRUSTA PER LA SOCIET&#xC0; DEL TEMPO. FERDINANDO RUSSO, POETA NAPOLETANO, SCALERA E. INVASIONE DI PRAGA DEI CARRI ARMATI DEL PATTO DI VARSAVIA, AROLDI E. RELIGIONE PRESSO I GRECI, IN PRINCIPIO ERA IL CAOS, D'ERRICO N. MUSEO DI ROMA. LA FABBRICA DELLE NOSTALGIE. DIZIONARIO NOMI PROPRI. </subfield>
  </datafield>
  <datafield tag="650" ind1=" " ind2=" ">
    <subfield code="a">STORIA UNIVERSALE</subfield>
  </datafield>
  <datafield tag="942" ind1=" " ind2=" ">
    <subfield code="c">CR</subfield>
  </datafield>
  <datafield tag="957" ind1=" " ind2=" ">
    <subfield code="7">1</subfield>
  </datafield>
  <datafield tag="999" ind1=" " ind2=" ">
    <subfield code="a">60755</subfield>
    <subfield code="b">NO</subfield>
    <subfield code="g">1</subfield>
    <subfield code="c">327781</subfield>
    <subfield code="d">327781</subfield>
  </datafield>
  <datafield tag="952" ind1=" " ind2=" ">
    <subfield code="0">0</subfield>
    <subfield code="1">0</subfield>
    <subfield code="4">0</subfield>
    <subfield code="6">R_900R9188</subfield>
    <subfield code="7">1</subfield>
    <subfield code="a">ALBA</subfield>
    <subfield code="b">ALBA</subfield>
    <subfield code="d">2017-01-16</subfield>
    <subfield code="l">0</subfield>
    <subfield code="o">R900-R9188</subfield>
    <subfield code="r">2017-01-16 00:00:00</subfield>
    <subfield code="w">2017-01-16</subfield>
    <subfield code="y">CR</subfield>
    <subfield code="z">(data import: 16 gennaio 2017) - By Epidotti, Vaglietti. </subfield>
  </datafield>
</record>
